| 000 | 01040nam a22002415i 4500 | ||
|---|---|---|---|
| 001 | 12436 | ||
| 003 | ES-MaACL | ||
| 005 | 20230906150318.0 | ||
| 007 | t| | ||
| 008 | 950322s1983 sp ||||0| spa j | ||
| 020 | _a84-500-9480-1 | ||
| 040 |
_aM-BN _bspa _cM-BN |
||
| 080 | _a930.255(460.27 M.) | ||
| 110 | 2 |
_aArchivo Histórico Nacional (España) _91450 |
|
| 245 | 1 | 0 |
_aPapeles de don Luis Araquistain Quevedo / _cordenados por María Dolores de la Infiesta, Asunción de Navascués y María de la Concepción Sanz ; bajo la dirección de María Teresa de la Peña, con la colaboración de María Angeles Ortega ; prólogo de Javier Tusell. |
| 260 |
_a[Madrid] : _bSubdirección General de Archivos, _cD.L. 1983. |
||
| 300 |
_a164 p ; _c22 cm. |
||
| 600 | 1 | 4 |
_aAraquistáin, Luis, _d1886-1959- _xArchivo- _vCatálogos _922346 |
| 610 | 2 | 7 |
_aArchivo Histórico Nacional (España)- _vCatálogos. _91451 |
| 700 | 1 |
_aPeña Marazuela, María Teresa de la. _990269 |
|
| 852 |
_aES-MaACL _jL-19736 _bR.123395 |
||
| 999 |
_c12436 _d12436 |
||